Caney's: The Law of Suretyship / (Record no. 1302)

MARC details
000 -LEADER
fixed length control field 00587nam a22001817a 4500
005 - DATE AND TIME OF INPUT
control field 20240130104211.0
008 - DATA ELEMENTS--GENERAL INFORMATION
fixed length control field 240130b |||||||| |||| 00| 0 eng d
020 ## - INTERNATIONAL STANDARD BOOK NUMBER
International Standard Book Number 9780702184567
041 ## - LANGUAGE CODE
Language code of text English
082 ## - SHELF NUMBER
DDC number 346.7 CAN
100 ## - MAIN AUTHOR
Main author's name Forsyth, CF and Pretorius, JT
Language of a work English
245 ## - TITLE STATEMENT
Title Caney's: The Law of Suretyship /
Statement of responsibility, etc. CF Forsyth and JT Pretorius
250 ## - EDITION STATEMENT
Edition statement Sixth Edition
260 ## - PUBLICATION, DISTRIBUTION, ETC.
Place of publication, distribution, etc. Cape Town :
Name of publisher, distributor, etc. Juta and Company (Pty) Ltd,
Date of publication, distribution, etc. 2010
300 ## - PHYSICAL DESCRIPTION
Other physical details xxviii, 238 pages ;
Dimensions 26 cm.
650 ## - SUBJECT`
Broad subject Legal practice
Own subject terms Law
942 ## - ADDED ENTRY ELEMENTS (KOHA)
Item type Books
942 ## - ADDED ENTRY ELEMENTS (KOHA)
-- ALISON_BN_VRIES
Holdings
Source of classification or shelving scheme Not for loan Collection code Home library Current library Shelving location Date acquired Full call number Barcode Price effective from Koha item type
Dewey Decimal Classification   TEXT BOOKS LAW SOCIETY OF NAMIBIA LIBRARY - WINDHOEK LAW SOCIETY OF NAMIBIA LIBRARY - WINDHOEK Evidence law 01/30/2024 346.7 CAN LSN/2022/13 01/30/2024 Books